000 00662nam a22002177i 4500
999 _c172430
_d172430
005 20190423160120.0
008 190423s2016 ii a|||g |||| 00| 1 tam d
020 _a9789836804563
_cRM12.00
_qpaperback
040 _aPPAK
_beng
_cPPAK
_erda
082 0 4 _223
_a398.20494811
090 0 0 _a398.20494811
_bNEE
_dK
245 0 0 _aNeethi Kathaigal
264 1 _aChennai, India :
_bMinerva Publications,
_c2016
300 _a93 pages :
_billustrations ;
_c18 cm
336 _2rdacontent
_atext
337 _2rdamedia
_aunmediated
338 _2rdacarrier
_avolume
650 1 0 _aFolklore
_vJuvenile literature
650 1 0 _aTales
_vJuvenile literature
942 _2ddc
_cB